Сведения об авторах; Известия Томского политехнического университета [Известия ТПУ]; Т. 315. № 4: Энергетика

Sonraí bibleagrafaíochta
Parent link:Известия Томского политехнического университета [Известия ТПУ]/ Томский политехнический университет (ТПУ).— , 2000-
Т. 315. № 4: Энергетика.— 2009.— [С. 175-178]
Achoimre:Заглавие с титульного листа
Электронная версия печатной публикации
Представлены в алфавитном порядке авторы и области их научных интересов, контактная информация.
Teanga:Rúisis
Foilsithe / Cruthaithe: 2009
Ábhair:
Rochtain ar líne:http://www.lib.tpu.ru/fulltext/v/Bulletin_TPU/2009/v315/i4/38.pdf
Formáid: MixedMaterials Leictreonach Caibidil leabhair
KOHA link:https://koha.lib.tpu.ru/cgi-bin/koha/opac-detail.pl?biblionumber=177336

MARC

LEADER 00000nla2a2200000 4500
001 177336
005 20231031165615.0
035 |a (RuTPU)RU\TPU\book\192246 
035 |a RU\TPU\book\191023 
090 |a 177336 
100 |a 20100315d2009 k y0rusy50 ca 
101 0 |a rus 
102 |a RU 
135 |a drnn ---uucaa 
181 0 |a i  
182 0 |a b 
200 1 |a Сведения об авторах  |b Электронный ресурс 
203 |a Текст  |c электронный 
215 |a 1 файл (108 Кб) 
230 |a Электронные текстовые данные (1 файл : 108 Кб) 
300 |a Заглавие с титульного листа 
300 |a Электронная версия печатной публикации 
330 |a Представлены в алфавитном порядке авторы и области их научных интересов, контактная информация. 
337 |a Adobe Reader 
461 1 |0 (RuTPU)RU\TPU\book\176237  |t Известия Томского политехнического университета [Известия ТПУ]  |f Томский политехнический университет (ТПУ)  |d 2000- 
463 1 |0 (RuTPU)RU\TPU\book\191878  |t Т. 315. № 4: Энергетика  |v [С. 175-178]  |d 2009  |p 179 с. 
610 1 |a электронный ресурс 
801 1 |a RU  |b 63413507  |c 20090623  |g PSBO 
801 2 |a RU  |b 63413507  |c 20211216  |g PSBO 
856 4 |u http://www.lib.tpu.ru/fulltext/v/Bulletin_TPU/2009/v315/i4/38.pdf 
942 |c CF